Il legatum per praeceptionem: dal dibattito dei giuristi classici alla riforma giustinianea
محفوظ في:
| المؤلف الرئيسي: | |
|---|---|
| التنسيق: | كتاب |
| اللغة: | الإيطالية |
| منشور في: |
Turín
G. Giappichelli
2004
|
| الطبعة: | 1a. ed |
| الموضوعات: | |
| الوسوم: |
إضافة وسم
لا توجد وسوم, كن أول من يضع وسما على هذه التسجيلة!
|
MARC
| LEADER | 00000nam a2200000 a 4500 | ||
|---|---|---|---|
| 001 | UCJ0341 | ||
| 003 | CL-VaPUC | ||
| 008 | 060714e20040000IT |||||||||||||||||ita|d | ||
| 020 | |a 8834845307 | ||
| 082 | 0 | 4 | |a 340.54 |b DOR |2 21 |
| 100 | 0 | |a D'Orta, Maurizio |e author |9 500484 | |
| 245 | 1 | 3 | |a Il legatum per praeceptionem: dal dibattito dei giuristi classici alla riforma giustinianea |
| 250 | |a 1a. ed | ||
| 300 | |a 139 p | ||
| 942 | |c BK | ||
| 945 | |d 20060714 00:00:00 |a cmena | ||
| 260 | |a Turín |b G. Giappichelli |c 2004 | ||
| 650 | 0 | |a Derecho romano |9 255930 | |
| 650 | 0 | |a Historia del derecho |9 255109 | |
| 650 | 0 | |a Filosofía del derecho |9 255050 | |
| 650 | 0 | |a Jurisprudencia |9 255952 | |
| 583 | |a last modification |c 20130305 04:02:17 |k Rodrigo Vera | ||
| 999 | |c 317205 |d 317203 | ||
| 952 | |0 0 |1 0 |4 0 |6 340_540000000000000_DOR_2004 |7 0 |8 DER_ROM |9 393227 |a BIBDER |b BIBDER |d 2019-11-22 |i 4248503 |o 340.54 DOR 2004 |p 4248503 |r 2023-01-25 |w 2019-11-22 |x Ubicación 4to piso |y BK |z Este recurso debe solicitarse con anticipación |k DER | ||